000 02123nam a2200229 a 4500
001 000005009
005 20250310112145.0
008 090729s1995 dr a r 001 0 spa d
040 _aDO-SdBNP
_bspa
_cBNPHU
082 _a361.61
_bP963r
245 0 3 _aEl proceso de reforma hacia la seguridad social.
246 1 4 _aSeguridad social
_bel proceso de reforma en el área de salud
260 _aSanto Domingo :
_bFundación Siglo 21,
_c1995.
300 _a303 p. :
_bil. ;
_c28 cm.
500 _aEste libro recoge los detalles del proceso de diálogo cobre la reforma a la seguridad social, auspiciado por el CNHE, el IDSS, las centrales sindicales y el proyecto prácticas y políticas económicas (PYPEC/USAID). El contenido del libro, sin embargo, es responsabilidad única de la Fundación Siglo 21.
505 2 _aExplicación -- Capítulo 1. La idea de la reforma: estrategia sugerida y adoptada -- Los talleres empresariales y sindicales -- Las posiciones de cada sector en el foro, la sesión de concertación y la declaración pública -- Del foro a la declaración tripartita del 16 de diciembre 1993 -- Los documentos propuestos para la creación de un sistema de seguridad social y las reacciones sugeridas -- La reacción de los sectores empresariales, sindical y público ante las propuestas técnicas contenidas en el borrador 001 -- El cuadro comparativo del 28 de octubre de 1994 y el estancamiento del dialogo -- La propuesta de proyecto de ley de reforma a la seguridad social en el área de salud -- Epílogo del proceso. Este libro recoge los detalles del proceso de diálogo cobre la reforma a la seguridad social, auspiciado por el CNHE, el IDSS, las centrales sindicales y el proyecto prácticas y políticas económicas (PYPEC/USAID). El contenido del libro, sin embargo, es responsabilidad única de la Fundación Siglo 21.
650 4 _aSeguridad social
_zRepública Dominicana
_92151
650 0 _aPolítica sanitaria
_91344
650 4 _aSistema de salud
_914437
650 4 _aPlanes nacionales de salud
_914438
700 1 _aIncluye referencias bibliográficas y notas al pie de las páginas.
_914439
999 _c4815
_d4815